00472nam a22001457a 4500041000800000082001500008100002000023245010100043260002600144300000700170650001900177942000900196952010400205999001700309 aENG a275.4bPRA aPrakash Marandi aThe brethren in Christ Church: Their Contributions to the Develpment in Purnia District in Bihar aHyderabadbARRCc2024 a63 aChurch History cTHES 00104070aHMIbHMIcREFd2024-08-06eStudentl0o275.4 PRAp11-4848r2024-08-06w2024-08-06yTHES c23503d23503